| 000 | 01836nam0a22003011 4500 | ||
|---|---|---|---|
| 001 | rc\3956727 | ||
| 005 | 20250611035210.0 | ||
| 021 |
_aRU _b[46-1590] |
||
| 035 | _a(NLR Aleph) 008047749 | ||
| 090 |
_a8921864 _c8921864 |
||
| 100 | _a20130415d1946 |||y0rusy50 ca | ||
| 101 | 0 | _arus | |
| 102 | _aRU | ||
| 105 | _ac z |||cb | ||
| 200 | 1 | _aИоханнес Якович Варес, наш кандидат в депутаты Верховного Совета СССР по Пярнускому избирательному округу № 654 по выборам в Совет Союза | |
| 210 |
_aТаллин _cПолит. лит.] _d[1946] _gТип. "Коммунист" |
||
| 215 |
_a12 с., без обл. _cпортр. _d19 |
||
| 225 | 1 | _aНаши кандидаты | |
| 423 | 0 |
_11010#$arus _12001#$aЮрий Юрьевич Нут, наш кандидат в депутаты Верховного Совета СССР по Вильяндискому городскому избирательному округу № 387 по выборам в Совет Национальностей$e[Биогр. очерки _tЮрий Юрьевич Нут, наш кандидат в депутаты Верховного Совета СССР по Вильяндискому городскому избирательному округу № 387 по выборам в Совет Национальностей |
|
| 606 |
_aКандидаты в депутаты Верховного Совета СССР _z1946 _2psbo |
||
| 702 | 1 |
_aВарес _bИ.Я. _gИоханнес Якович _4570 |
|
| 702 | 1 |
_aНут _bЮ. Ю. _f1892-1952 _gЮрий Юрьевич _3RU\NLR\AUTH\770274897 _4570 |
|
| 801 | 0 |
_aRU _bNLR _gpsbo |
|
| 801 | 1 |
_aRU _bELAR _2rusmarc |
|
| 852 |
_aNLR _jИр66 Г-4/92 |
||
| 942 | _cBOOK | ||
| 980 | _aNB | ||